1266 1672 1091 1753 1743 1191 1417 1081 1967 1671 1871 1516 1237 1124 1003 1090 1910 1990 1857 1479 1067 1975 1805 1386 1702 1964 1907 1336 1518 1183 1235 1792 1036 1145 1522 1492 1296 1073 1523 1872 1516 1799 1314 1567 1596 1353 1024 1976 1925 1954 1746 1036 1913 1142 1568 1662 1850 1508 1595 1997 1825 1021 1494 1911 1118 1866 1310 1907 1011 1658 1064 1665 1780 1078 1247 1566 1424 1922 1586 1337 1696 1569 1104 1228 1526 1695 1206 1504 1532 1361 1658 1851 1516 2000 1604 1806 1539 1306 1851 BCNSPRNW ULIB Ver.6.0+V

เปลี่ยนเป็นภาษาไทย

Change to English
 แสดงรายละเอียดบรรณานุกรม
  กลับหน้าหลัก

Brief Record : Get Marc (ISO 2709) : E-mail record : QR code < ปิดหน้าต่าง
LEADER : 00000nam 2200000uu 4500
001    13399115286
003     ULIB
008    120809s2554||||th 000 0 tha d
020    ^a9789746726306 ล.2
060  4 ^aWY159^bก492ร ล.2
100 0  วิลาวัณย์ พิเชียรเสถียร
245 10 ^aการพยาบาลเด็ก.^nเล่มที่ 2 =^bPediatric nursing 2 /^cบรรณาธิการ วิลาวัณย์ พิเชียรเสถียร, อุษณีย์ จินตะเวช
246 14 ^aPediatric nursing 2
250    ^aพิมพ์ครั้งที่ 1
260    ^aเชียงใหม่ :^bคณะพยาบาลศาสตร์ มหาวิทยาลัยเชียงใหม่,^c2554
300    ^aก-ง, 180 หน้า :^bภาพประกอบ
505 0  ^a^tหลักการพยาบาลผู้ป่วยเด็กที่มีความผิดปกติของทางเดินหายใจ - -^tหลักการพยาบาผู้ป่วยเด็กที่มีความผิดปกติทางระบบไหลเวียนโลหิต - -^tหลักการพยาบาลผู้ป่วยเด็กที่มีความผิดปกติเกี่ยวกับเลือด - -^tหลักการพยาบาลผู้ป่วยเด็กที่มีความผิดปกติเกี่ยวกับระบบทางเดินอาหาร - -^tหลักการพยาบาลผู้ป่วยเด็กโรคมะเร็ง - -^tหลักการพยาบาลผู้ป่วยเด็กที่มีความผิดปกติของระบบต่อมไร้ท่อ - -^tหลักการพยาบาลผู้ป่วยเด็กที่มีปัญหาสารน้ำ และอิเล็กโตรลัยท์ - -^tหลักการพยาบาลผู้ป่วยเด็กที่มีปัญหาเกี่ยวกับระบบทางเดินปัสสาวะ
650  7 ^aการพยาบาลกุมารเวชศาสตร์
650  7 ^aเด็ก^xโรค^xการพยาบาล
700 0  ^aอุษณีย์ จินตะเวช,^eบรรณาธิการ
945    ^p240^l0^i19199
945    ^p240^l0^i19200
945    ^p240^l0^i19201
995    ^aทศพร
999 ^a ใช้งานได้ทุกระบบ
รายการนี้ยังไม่มีแท็ก
คุณยังไม่ได้ล็อกอิน คุณสามารถมีกิจกรรมร่วมกับเว็บไซต์ได้ แต่ต้องล็อกอินก่อน ::
  ล็อกอิน

รายการสื่อสารสนเทศ

ลำดับที่ ประเภท เลขเรียก/บาร์โค้ด สถานที่ สถานะ
1. วิทยาศาสตร์การแพทย์ และสุขภาพ
วิทยาศาสตร์การแพทย์ และสุขภาพ
สถานะ=หนังสือเก่า
WY159 ก492ร ล.2 ฉ.1 
  Barcode: 19199
ห้องสมุดวิทยาเขตนครสวรรค์
►ส่วนจัดเก็บหนังสือเก่า นว.
บนชั้น
  ขอยืม
2. วิทยาศาสตร์การแพทย์ และสุขภาพ
วิทยาศาสตร์การแพทย์ และสุขภาพ
สถานะ=หนังสือเก่า
WY159 ก492ร ล.2 ฉ.2 
  Barcode: 19200
ห้องสมุดวิทยาเขตนครสวรรค์
►ส่วนจัดเก็บหนังสือเก่า นว.
บนชั้น
  ขอยืม
3. วิทยาศาสตร์การแพทย์ และสุขภาพ
วิทยาศาสตร์การแพทย์ และสุขภาพ
สถานะ=หนังสือเก่า
WY159 ก492ร ล.2 ฉ.3 
  Barcode: 19201
ห้องสมุดวิทยาเขตนครสวรรค์
►ส่วนจัดเก็บหนังสือเก่า นว.
บนชั้น
  ขอยืม

รายการใกล้เคียง
    ผู้แต่ง [วิลาวัณย์ พิเชียรเสถียร]

    หัวเรื่อง [การพยาบาลกุมารเวชศาสตร์]

BibComment


ยังไม่เคยถูกคอมเมนท์

คอมเมนท์ทรัพยากรรายการนี้
  คอมเมนท์: การพยาบาลเด็ก เล..


 Copyright 2026. Bcnsprnw @Library